| 000 | 00528cam a22001934a 4500 | ||
|---|---|---|---|
| 001 | sa 65001869 | ||
| 003 | DLC | ||
| 005 | 20260227112112.0 | ||
| 008 | 840814s1944 pk 000 1 urdo | ||
| 010 | _asa 65001869 | ||
| 040 |
_aDLC _cDLC _dDLC |
||
| 050 | 0 | 0 |
_aPK2200.C57 _bT43 1944 |
| 100 | 1 |
_aCug̲h̲tāʼī, ʻIṣmat, _d1915-1991. |
|
| 245 | 1 | 0 |
_aṬeṛhī lakīr / _cʻIṣmat Shāhīd Lat̤īf. |
| 260 |
_aLāhaur : _bNayā Idārāh, _c[1944] |
||
| 300 |
_a584 p. ; _c19 cm. |
||
| 500 | _aNovel. | ||
| 546 | _aIn Urdu. | ||
| 999 |
_c62290 _d62290 |
||